| 000 | 00595nam a2200193 i 4500 | ||
|---|---|---|---|
| 001 | 124594 | ||
| 003 | ES-MaACL | ||
| 007 | t| | ||
| 008 | 070409s1934 sp ||||1| spa d | ||
| 100 | 1 |
_aKistner, A. _968156 |
|
| 245 | 1 | 0 |
_aHistoria de la física / _cA. Kistner ; traducción de la 3ª edición alemana por Rodrigo Gil. |
| 260 |
_aBarcelona : _bLabor, _c[1934] |
||
| 300 |
_a367 p. : _bil. ; _c17 cm. |
||
| 490 | 1 |
_aColección Labor ; _v352, 353 |
|
| 700 | 1 |
_aGil, Rodrigo. _956753 |
|
| 830 | 0 | 0 |
_aColección Labor _v352, 353 _9184254 |
| 852 |
_aES-MaACL _jE-2834 |
||
| 999 |
_c124594 _d124594 |
||